|
|
|
|
| LEADER |
00563cam a2200169 7i4500 |
| 001 |
0000010302 |
| 005 |
20011208090000.0 |
| 090 |
0 |
0 |
|a P 391
|b TRA
|
| 245 |
0 |
0 |
|a TFOC BPCC :
|b Apparel and textiles 1998.
|
| 260 |
0 |
0 |
|a Ottawa:
|b Trade Centre Facilitation Centre (TFOC),
|c 1998.
|
| 300 |
# |
# |
|a 25 p.
|
| 650 |
0 |
0 |
|a Textile industry --
|z Canada
|
| 650 |
0 |
0 |
|a Clothing and dress --
|x Marketing --
|z Canada
|
| 650 |
0 |
0 |
|a Apparel --
|z Canada
|
| 651 |
0 |
0 |
|a Canada
|
| 710 |
2 |
1 |
|a The Trade Facilitation Office Canada (TFOC)
|
| 999 |
|
|
|a 0000012589
|b Book
|c Products
|e Business Information Centre
|